[Event "DEM U12w 2025"]
[Site "Willingen GER"]
[Date "2025.06.11"]
[Round "5"]
[White "Tadic, Lena"]
[Black "Szymil, Alicja"]
[Result "0-1"]
[Termination "normal"]
[Board "15"]
[WhiteElo "1174"]
[BlackElo "1476"]
[WhiteClock "01:02:53"]
[BlackClock "00:49:08"]
[PlyCount "76"]
[WhiteFideId "34687300"]
[BlackFideId "34654240"]
[EventCountry "GER"]
[EventRounds "9"]
[EventType "swiss"]
[EventDate "2025.06.07"]

1. e4 {[%clk 01:30:58]} e6 {[%clk 01:30:54]} {[%emt 00:00:07]} 2. b3 {[%clk
01:31:23]} {[%emt 00:00:05]} d5 {[%clk 01:30:32]} {[%emt 00:00:52]} 3. exd5
{[%clk 01:31:44]} {[%emt 00:00:09]} exd5 {[%clk 01:30:55]} {[%emt 00:00:08]} 4.
Bb2 {[%clk 01:31:57]} {[%emt 00:00:16]} Nf6 {[%clk 01:30:54]} {[%emt 00:00:31]}
5. Nf3 {[%clk 01:31:47]} {[%emt 00:00:39]} Nc6 {[%clk 01:31:03]} {[%emt
00:00:23]} 6. Be2 {[%clk 01:31:20]} {[%emt 00:00:56]} Bf5 {[%clk 01:30:14]}
{[%emt 00:01:18]} 7. O-O {[%clk 01:31:09]} {[%emt 00:00:41]} Be7 {[%clk
01:29:49]} {[%emt 00:00:56]} 8. d3 {[%clk 01:30:49]} {[%emt 00:00:50]} Qd7
{[%clk 01:29:48]} {[%emt 00:00:31]} 9. Nbd2 {[%clk 01:30:03]} {[%emt 00:01:15]}
h6 {[%clk 01:29:27]} {[%emt 00:00:52]} 10. h3 {[%clk 01:28:47]} {[%emt
00:01:45]} g5 {[%clk 01:27:34]} {[%emt 00:02:23]} 11. Nh2 {[%clk 01:28:20]}
{[%emt 00:00:58]} Rg8 {[%clk 01:26:38]} {[%emt 00:01:26]} 12. Ng4 {[%clk
01:26:02]} {[%emt 00:02:48]} Nxg4 {[%clk 01:26:05]} {[%emt 00:01:03]} 13. Bxg4
{[%clk 01:25:57]} {[%emt 00:00:35]} O-O-O {[%clk 01:25:22]} {[%emt 00:01:12]}
14. Qf3 {[%clk 01:24:43]} {[%emt 00:01:45]} Bxg4 {[%clk 01:25:42]} {[%emt
00:00:11]} 15. Qxg4 {[%clk 01:25:03]} {[%emt 00:00:10]} Bd6 {[%clk 01:18:16]}
{[%emt 00:07:54]} 16. Qxd7+ {[%clk 01:23:18]} {[%emt 00:02:15]} Kxd7 {[%clk
01:17:02]} {[%emt 00:01:45]} 17. Rfe1 {[%clk 01:22:31]} {[%emt 00:01:15]} Rde8
{[%clk 01:16:24]} {[%emt 00:01:09]} 18. c4 {[%clk 01:19:08]} {[%emt 00:03:54]}
Nb4 {[%clk 01:14:29]} {[%emt 00:02:22]} 19. cxd5 {[%clk 01:16:03]} {[%emt
00:03:38]} Nxd3 {[%clk 01:14:42]} {[%emt 00:00:15]} 20. Rxe8 {[%clk 01:16:21]}
{[%emt 00:00:13]} Rxe8 {[%clk 01:14:58]} {[%emt 00:00:14]} 21. Bc3 {[%clk
01:16:11]} {[%emt 00:00:40]} Be5 {[%clk 01:12:22]} {[%emt 00:03:05]} 22. Bxe5
{[%clk 01:14:14]} {[%emt 00:02:29]} Rxe5 {[%clk 01:12:03]} {[%emt 00:00:48]}
23. Nc4 {[%clk 01:12:36]} {[%emt 00:02:08]} Rxd5 {[%clk 01:00:55]} {[%emt
00:11:39]} 24. Ne3 {[%clk 01:11:42]} {[%emt 00:01:24]} Rd6 {[%clk 00:57:34]}
{[%emt 00:03:50]} 25. Rd1 {[%clk 01:09:35]} {[%emt 00:02:37]} Nf4 {[%clk
00:55:38]} {[%emt 00:02:26]} 26. Rxd6+ {[%clk 01:07:37]} {[%emt 00:02:29]} cxd6
{[%clk 00:55:49]} {[%emt 00:00:19]} 27. Kh2 {[%clk 01:07:33]} {[%emt 00:00:32]}
Ke6 {[%clk 00:55:36]} {[%emt 00:00:44]} 28. g3 {[%clk 01:07:34]} {[%emt
00:00:29]} Ne2 {[%clk 00:55:36]} {[%emt 00:00:30]} 29. a3 {[%clk 01:05:28]}
{[%emt 00:02:37]} d5 {[%clk 00:51:33]} {[%emt 00:04:32]} 30. Kg2 {[%clk
01:05:13]} {[%emt 00:00:44]} d4 {[%clk 00:51:02]} {[%emt 00:01:03]} 31. Kf3
{[%clk 01:04:38]} {[%emt 00:01:04]} dxe3 {[%clk 00:50:50]} {[%emt 00:00:42]}
32. Kxe2 {[%clk 01:04:51]} {[%emt 00:00:16]} exf2 {[%clk 00:51:13]} {[%emt
00:00:08]} 33. Kxf2 {[%clk 01:05:17]} {[%emt 00:00:05]} f5 {[%clk 00:51:27]}
{[%emt 00:00:15]} 34. Ke2 {[%clk 01:04:59]} {[%emt 00:00:48]} Ke5 {[%clk
00:51:22]} {[%emt 00:00:34]} 35. Ke3 {[%clk 01:05:09]} {[%emt 00:00:21]} b5
{[%clk 00:48:55]} {[%emt 00:02:57]} 36. b4 {[%clk 01:03:50]} {[%emt 00:01:50]}
a6 {[%clk 00:48:57]} {[%emt 00:00:28]} 37. g4 {[%clk 01:03:00]} {[%emt
00:01:18]} f4+ {[%clk 00:49:06]} {[%emt 00:00:22]} 38. Ke2 {[%clk 01:02:53]}
{[%emt 00:00:36]} Ke4 {[%clk 00:49:08]} {[%emt 00:00:30]} 0-1

[Event "DEM U12w 2025"]
[Site "Willingen GER"]
[Date "2025.06.11"]
[Round "5"]
[White "Greither, Flora"]
[Black "Georgieva, Teodora"]
[Result "1/2-1/2"]
[Termination "normal"]
[Board "16"]
[WhiteElo "1562"]
[BlackElo "1124"]
[WhiteClock "00:40:36"]
[BlackClock "00:52:16"]
[PlyCount "100"]
[WhiteFideId "533000697"]
[BlackFideId "34679375"]
[EventCountry "GER"]
[EventRounds "9"]
[EventType "swiss"]
[EventDate "2025.06.07"]

1. d4 {[%clk 01:30:57]} {[%emt 00:00:03]} d5 {[%clk 01:30:53]} {[%emt
00:00:07]} 2. c4 {[%clk 01:31:14]} {[%emt 00:00:13]} e6 {[%clk 01:31:18]}
{[%emt 00:00:05]} 3. Nc3 {[%clk 01:31:35]} {[%emt 00:00:09]} c5 {[%clk
01:31:21]} {[%emt 00:00:27]} 4. e3 {[%clk 01:30:49]} {[%emt 00:01:16]} Nc6
{[%clk 01:31:10]} {[%emt 00:00:41]} 5. Nf3 {[%clk 01:30:52]} {[%emt 00:00:27]}
Nf6 {[%clk 01:30:58]} {[%emt 00:00:42]} 6. cxd5 {[%clk 01:28:19]} {[%emt
00:03:04]} exd5 {[%clk 01:31:13]} {[%emt 00:00:14]} 7. Be2 {[%clk 01:28:08]}
{[%emt 00:00:40]} cxd4 {[%clk 01:31:02]} {[%emt 00:00:42]} 8. exd4 {[%clk
01:28:21]} {[%emt 00:00:17]} Bd6 {[%clk 01:31:08]} {[%emt 00:00:24]} 9. O-O
{[%clk 01:28:26]} {[%emt 00:00:25]} a6 {[%clk 01:31:30]} {[%emt 00:00:09]} 10.
Re1 {[%clk 01:28:25]} {[%emt 00:00:30]} O-O {[%clk 01:31:49]} {[%emt 00:00:11]}
11. Bg5 {[%clk 01:28:38]} {[%emt 00:00:16]} Be7 {[%clk 01:31:55]} {[%emt
00:00:26]} 12. h3 {[%clk 01:27:54]} {[%emt 00:01:13]} h6 {[%clk 01:32:18]}
{[%emt 00:00:08]} 13. Bh4 {[%clk 01:26:03]} {[%emt 00:02:20]} Bf5 {[%clk
01:31:32]} {[%emt 00:01:16]} 14. Bd3 {[%clk 01:25:54]} {[%emt 00:00:39]} Bxd3
{[%clk 01:23:01]} {[%emt 00:09:01]} 15. Qxd3 {[%clk 01:26:10]} {[%emt
00:00:15]} Nb4 {[%clk 01:21:21]} {[%emt 00:02:10]} 16. Qd1 {[%clk 01:26:14]}
{[%emt 00:00:23]} Ne4 {[%clk 01:19:12]} {[%emt 00:02:43]} 17. Bxe7 {[%clk
01:25:24]} {[%emt 00:01:19]} Qxe7 {[%clk 01:19:18]} {[%emt 00:00:23]} 18. a3
{[%clk 01:21:11]} {[%emt 00:04:44]} Nc6 {[%clk 01:18:34]} {[%emt 00:01:14]} 19.
Nxd5 {[%clk 01:20:31]} {[%emt 00:01:09]} Qd6 {[%clk 01:18:52]} {[%emt
00:00:12]} 20. Nb6 {[%clk 01:11:47]} {[%emt 00:09:15]} Rae8 {[%clk 01:18:33]}
{[%emt 00:00:50]} 21. Nc4 {[%clk 01:11:00]} {[%emt 00:01:16]} Qd7 {[%clk
01:14:23]} {[%emt 00:04:39]} 22. d5 {[%clk 01:10:22]} {[%emt 00:01:09]} Na7
{[%clk 01:09:55]} {[%emt 00:04:58]} 23. Nce5 {[%clk 01:09:12]} {[%emt
00:01:38]} Qf5 {[%clk 01:09:04]} {[%emt 00:01:23]} 24. Qd3 {[%clk 01:05:01]}
{[%emt 00:04:40]} Nd6 {[%clk 01:07:07]} {[%emt 00:02:28]} 25. Qxf5 {[%clk
01:04:30]} {[%emt 00:01:00]} Nxf5 {[%clk 01:07:30]} {[%emt 00:00:08]} 26. Red1
{[%clk 01:04:35]} {[%emt 00:00:25]} Rd8 {[%clk 01:07:15]} {[%emt 00:00:45]} 27.
Nc4 {[%clk 01:04:13]} {[%emt 00:00:50]} Nb5 {[%clk 01:06:38]} {[%emt 00:01:10]}
28. Rd2 {[%clk 01:01:19]} {[%emt 00:03:23]} Nbd6 {[%clk 01:05:06]} {[%emt
00:02:01]} 29. Nxd6 {[%clk 00:52:09]} {[%emt 00:09:40]} Rxd6 {[%clk 01:05:27]}
{[%emt 00:00:09]} 30. Rad1 {[%clk 00:51:45]} {[%emt 00:00:55]} Rfd8 {[%clk
01:05:46]} {[%emt 00:00:12]} 31. Ne5 {[%clk 00:49:03]} {[%emt 00:03:10]} Ne7
{[%clk 01:04:50]} {[%emt 00:01:27]} 32. Nc4 {[%clk 00:49:07]} {[%emt 00:00:27]}
Rxd5 {[%clk 01:04:53]} {[%emt 00:00:27]} 33. Rxd5 {[%clk 00:49:28]} {[%emt
00:00:09]} Rxd5 {[%clk 01:05:16]} {[%emt 00:00:07]} 34. Rxd5 {[%clk 00:49:52]}
{[%emt 00:00:06]} Nxd5 {[%clk 01:05:38]} {[%emt 00:00:08]} 35. Kf1 {[%clk
00:50:08]} {[%emt 00:00:14]} Kf8 {[%clk 01:06:01]} {[%emt 00:00:07]} 36. Ke2
{[%clk 00:50:31]} {[%emt 00:00:07]} Ke7 {[%clk 01:06:16]} {[%emt 00:00:15]} 37.
Kf3 {[%clk 00:49:59]} {[%emt 00:01:01]} Ke6 {[%clk 01:06:30]} {[%emt 00:00:16]}
38. Ne3 {[%clk 00:49:03]} {[%emt 00:01:27]} Nxe3 {[%clk 01:06:33]} {[%emt
00:00:26]} 39. Kxe3 {[%clk 00:49:21]} {[%emt 00:00:12]} Ke5 {[%clk 01:06:55]}
{[%emt 00:00:09]} 40. f4+ {[%clk 00:49:24]} {[%emt 00:00:26]} Kd5 {[%clk
01:07:19]} {[%emt 00:00:06]} 41. Kd3 {[%clk 00:49:47]} {[%emt 00:00:08]} g6
{[%clk 01:02:32]} {[%emt 00:05:16]} 42. b3 {[%clk 00:49:52]} {[%emt 00:00:26]}
a5 {[%clk 00:59:10]} {[%emt 00:03:52]} 43. g3 {[%clk 00:47:54]} {[%emt
00:02:27]} f5 {[%clk 00:54:57]} {[%emt 00:04:44]} 44. Ke3 {[%clk 00:42:30]}
{[%emt 00:05:56]} Kc5 {[%clk 00:52:55]} {[%emt 00:02:31]} 45. Kd3 {[%clk
00:42:46]} {[%emt 00:00:14]} b5 {[%clk 00:51:21]} {[%emt 00:02:04]} 46. Kc3
{[%clk 00:39:29]} {[%emt 00:03:47]} b4+ {[%clk 00:50:53]} {[%emt 00:00:59]} 47.
axb4+ {[%clk 00:39:43]} {[%emt 00:00:17]} axb4+ {[%clk 00:51:05]} {[%emt
00:00:07]} 48. Kd3 {[%clk 00:40:00]} {[%emt 00:00:22]} Kd5 {[%clk 00:51:29]}
{[%emt 00:00:07]} 49. Ke3 {[%clk 00:40:19]} {[%emt 00:00:11]} Kc5 {[%clk
00:51:54]} {[%emt 00:00:05]} 50. Kd3 {[%clk 00:40:36]} {[%emt 00:00:13]} Kd5
{[%clk 00:52:16]} {[%emt 00:00:08]} 1/2-1/2

[Event "DEM U12w 2025"]
[Site "Willingen GER"]
[Date "2025.06.11"]
[Round "5"]
[White "Naz Öksüz, Meryem"]
[Black "Subocz, Emma"]
[Result "1-0"]
[Termination "normal"]
[Board "18"]
[WhiteElo "1393"]
[BlackElo "1270"]
[WhiteClock "00:49:03"]
[BlackClock "00:52:37"]
[PlyCount "97"]
[WhiteFideId "533025860"]
[BlackFideId "41805666"]
[EventCountry "GER"]
[EventRounds "9"]
[EventType "swiss"]
[EventDate "2025.06.07"]

1. Nf3 {[%clk 01:30:57]} {[%emt 00:00:03]} d5 {[%clk 01:30:52]} {[%emt
00:00:08]} 2. b3 {[%clk 01:31:21]} {[%emt 00:00:06]} Nf6 {[%clk 01:31:14]}
{[%emt 00:00:08]} 3. Bb2 {[%clk 01:31:45]} {[%emt 00:00:06]} Bf5 {[%clk
01:31:36]} {[%emt 00:00:09]} 4. e3 {[%clk 01:32:01]} {[%emt 00:00:14]} e6
{[%clk 01:31:24]} {[%emt 00:00:42]} 5. c4 {[%clk 01:32:19]} {[%emt 00:00:12]}
c6 {[%clk 01:31:37]} {[%emt 00:00:18]} 6. Nc3 {[%clk 01:32:13]} {[%emt
00:00:36]} Nbd7 {[%clk 01:30:44]} {[%emt 00:01:23]} 7. d4 {[%clk 01:28:36]}
{[%emt 00:04:06]} Be7 {[%clk 01:30:21]} {[%emt 00:00:53]} 8. Bd3 {[%clk
01:28:03]} {[%emt 00:01:01]} Bg6 {[%clk 01:30:41]} {[%emt 00:00:13]} 9. Qc2
{[%clk 01:26:20]} {[%emt 00:02:10]} O-O {[%clk 01:25:20]} {[%emt 00:05:54]} 10.
Bxg6 {[%clk 01:22:51]} {[%emt 00:03:59]} fxg6 {[%clk 01:24:49]} {[%emt
00:01:01]} 11. O-O {[%clk 01:22:25]} {[%emt 00:00:56]} Bd6 {[%clk 01:21:32]}
{[%emt 00:03:46]} 12. Ne2 {[%clk 01:17:19]} {[%emt 00:05:36]} Qe7 {[%clk
01:18:46]} {[%emt 00:03:15]} 13. c5 {[%clk 01:15:21]} {[%emt 00:02:29]} Bc7
{[%clk 01:18:00]} {[%emt 00:01:14]} 14. b4 {[%clk 01:08:37]} {[%emt 00:07:16]}
a6 {[%clk 01:14:31]} {[%emt 00:03:59]} 15. h3 {[%clk 01:04:27]} {[%emt
00:04:39]} Ne4 {[%clk 01:08:41]} {[%emt 00:06:21]} 16. Nd2 {[%clk 01:01:51]}
{[%emt 00:03:07]} Nxd2 {[%clk 01:08:03]} {[%emt 00:01:07]} 17. Qxd2 {[%clk
01:02:11]} {[%emt 00:00:10]} Qg5 {[%clk 01:02:52]} {[%emt 00:05:41]} 18. f4
{[%clk 00:59:06]} {[%emt 00:03:35]} Qh6 {[%clk 01:01:26]} {[%emt 00:01:56]} 19.
Rf2 {[%clk 00:53:59]} {[%emt 00:05:37]} Nf6 {[%clk 01:00:34]} {[%emt 00:01:22]}
20. Qd3 {[%clk 00:49:22]} {[%emt 00:05:05]} Ne4 {[%clk 00:59:57]} {[%emt
00:01:10]} 21. Rff1 {[%clk 00:49:00]} {[%emt 00:00:17]} Qh4 {[%clk 00:58:36]}
{[%emt 00:02:25]} 22. Bc3 {[%clk 00:46:51]} {[%emt 00:02:38]} Ng3 {[%clk
00:58:00]} {[%emt 00:01:07]} 23. Nxg3 {[%clk 00:47:07]} {[%emt 00:00:14]} Qxg3
{[%clk 00:58:18]} {[%emt 00:00:12]} 24. Be1 {[%clk 00:47:23]} {[%emt 00:00:14]}
Qxe1 {[%clk 00:55:46]} {[%emt 00:03:02]} 25. Raxe1 {[%clk 00:47:11]} {[%emt
00:00:42]} Rf6 {[%emt 00:02:35]} 26. a4 {[%clk 00:46:52]} {[%emt 00:00:18]} a5
{[%clk 00:54:15]} {[%emt 00:00:27]} 27. b5 {[%clk 00:47:03]} {[%emt 00:00:19]}
b6 {[%clk 00:53:36]} {[%emt 00:01:10]} 28. bxc6 {[%clk 00:47:10]} {[%emt
00:00:22]} bxc5 {[%clk 00:53:13]} {[%emt 00:00:54]} 29. dxc5 {[%clk 00:47:06]}
{[%emt 00:00:34]} Rb8 {[%clk 00:53:23]} {[%emt 00:00:20]} 30. Qa6 {[%clk
00:45:58]} {[%emt 00:01:33]} Rb4 {[%clk 00:53:11]} {[%emt 00:00:47]} 31. Qc8+
{[%clk 00:45:59]} {[%emt 00:00:23]} Rf8 {[%clk 00:53:15]} {[%emt 00:00:31]} 32.
Qxc7 {[%clk 00:46:19]} {[%emt 00:00:11]} Rxa4 {[%clk 00:53:28]} {[%emt
00:00:17]} 33. Ra1 {[%clk 00:46:06]} {[%emt 00:00:43]} Re4 {[%clk 00:53:45]}
{[%emt 00:00:13]} 34. Rxa5 {[%clk 00:46:04]} {[%emt 00:00:31]} Rxe3 {[%clk
00:54:01]} {[%emt 00:00:15]} 35. Qd7 {[%clk 00:46:04]} {[%emt 00:00:22]} h5
{[%clk 00:53:23]} {[%emt 00:01:15]} 36. c7 {[%clk 00:46:14]} {[%emt 00:00:21]}
Kh7 {[%clk 00:51:19]} {[%emt 00:02:34]} 37. c8=Q {[%emt 00:00:10]} Rxc8 {[%emt
00:00:07]} 38. Qxc8 {[%clk 00:46:20]} {[%emt 00:00:07]} d4 {[%clk 00:51:26]}
{[%emt 00:00:22]} 39. Rd1 {[%clk 00:46:14]} {[%emt 00:00:35]} Re4 {[%clk
00:51:27]} {[%emt 00:00:31]} 40. Ra4 {[%clk 00:46:32]} {[%emt 00:00:12]} Rxf4
{[%clk 00:51:17]} {[%emt 00:00:40]} 41. Raxd4 {[%clk 00:46:53]} {[%emt
00:00:09]} Rf6 {[%clk 00:51:29]} {[%emt 00:00:16]} 42. c6 {[%clk 00:47:16]}
{[%emt 00:00:09]} e5 {[%clk 00:51:41]} {[%emt 00:00:18]} 43. Re4 {[%clk
00:47:37]} {[%emt 00:00:08]} Rxc6 {[%clk 00:51:19]} {[%emt 00:00:53]} 44. Qxc6
{[%clk 00:48:00]} {[%emt 00:00:07]} Kh6 {[%clk 00:51:41]} {[%emt 00:00:08]} 45.
Rxe5 {[%clk 00:47:39]} {[%emt 00:00:52]} Kh7 {[%clk 00:52:02]} {[%emt
00:00:08]} 46. Rg5 {[%clk 00:47:58]} {[%emt 00:00:09]} Kg8 {[%clk 00:51:58]}
{[%emt 00:00:36]} 47. Qe8+ {[%clk 00:48:18]} {[%emt 00:00:08]} Kh7 {[%clk
00:52:20]} {[%emt 00:00:09]} 48. Qxg6+ {[%clk 00:48:41]} {[%emt 00:00:07]} Kh8
{[%clk 00:52:37]} {[%emt 00:00:13]} 49. Rd8# {[%clk 00:49:03]} {[%emt
00:00:07]} 1-0

[Event "DEM U12w 2025"]
[Site "Willingen GER"]
[Date "2025.06.11"]
[Round "5"]
[White "Sriram, Yashasri"]
[Black "Ulianova, Anna"]
[Result "1/2-1/2"]
[Termination "normal"]
[Board "19"]
[WhiteElo "1547"]
[BlackElo "1440"]
[WhiteClock "01:05:01"]
[BlackClock "00:27:59"]
[PlyCount "46"]
[WhiteFideId "34656243"]
[BlackFideId "34682660"]
[EventCountry "GER"]
[EventRounds "9"]
[EventType "swiss"]
[EventDate "2025.06.07"]

1. e4 {[%clk 01:30:40]} {[%emt 00:00:19]} e5 {[%clk 01:30:51]} {[%emt
00:00:09]} 2. Nf3 {[%clk 01:31:05]} {[%emt 00:00:05]} Nc6 {[%clk 01:31:16]}
{[%emt 00:00:06]} 3. d4 {[%clk 01:31:31]} {[%emt 00:00:03]} exd4 {[%clk
01:31:39]} {[%emt 00:00:08]} 4. Nxd4 {[%clk 01:31:55]} {[%emt 00:00:06]} Bc5
{[%clk 01:31:58]} {[%emt 00:00:11]} 5. Be3 {[%clk 01:32:18]} {[%emt 00:00:07]}
Qf6 {[%clk 01:31:44]} {[%emt 00:00:44]} 6. c3 {[%clk 01:32:42]} {[%emt
00:00:05]} d6 {[%emt 00:01:38]} 7. Bb5 {[%clk 01:29:53]} {[%emt 00:03:17]} Bd7
{[%clk 01:28:48]} {[%emt 00:02:21]} 8. O-O {[%clk 01:26:59]} {[%emt 00:03:24]}
Nge7 {[%clk 01:28:16]} {[%emt 00:01:02]} 9. Nxc6 {[%clk 01:25:32]} {[%emt
00:01:56]} Nxc6 {[%clk 01:27:48]} {[%emt 00:00:59]} 10. Bxc5 {[%clk 01:25:36]}
{[%emt 00:00:26]} dxc5 {[%clk 01:27:59]} {[%emt 00:00:19]} 11. Re1 {[%clk
01:24:20]} {[%emt 00:01:46]} O-O-O {[%clk 01:27:25]} {[%emt 00:01:04]} 12. Qa4
{[%clk 01:23:21]} {[%emt 00:01:29]} Kb8 {[%clk 01:24:53]} {[%emt 00:03:02]} 13.
Na3 {[%clk 01:19:15]} {[%emt 00:04:35]} Ne5 {[%clk 01:08:48]} {[%emt 00:16:35]}
14. Bxd7 {[%clk 01:14:57]} {[%emt 00:04:49]} Rxd7 {[%clk 01:02:30]} {[%emt
00:06:47]} 15. Nb5 {[%clk 01:13:58]} {[%emt 00:01:29]} a6 {[%clk 01:02:09]}
{[%emt 00:00:51]} 16. Na3 {[%clk 01:13:29]} {[%emt 00:01:00]} Rd2 {[%clk
00:58:41]} {[%emt 00:03:58]} 17. Rf1 {[%clk 01:11:58]} {[%emt 00:02:01]} Qg6
{[%clk 00:44:05]} {[%emt 00:15:06]} 18. b3 {[%clk 01:06:18]} {[%emt 00:06:10]}
Nf3+ {[%clk 00:35:23]} {[%emt 00:09:12]} 19. Kh1 {[%clk 01:06:25]} {[%emt
00:00:23]} Nh4 {[%clk 00:28:50]} {[%emt 00:07:03]} 20. g3 {[%clk 01:06:07]}
{[%emt 00:00:48]} Qf6 {[%clk 00:27:09]} {[%emt 00:02:11]} 21. gxh4 {[%clk
01:04:27]} {[%emt 00:02:09]} Qf3+ {[%clk 00:27:34]} {[%emt 00:00:06]} 22. Kg1
{[%clk 01:04:43]} {[%emt 00:00:14]} Qg4+ {[%clk 00:27:59]} {[%emt 00:00:05]}
23. Kh1 {[%clk 01:05:01]} {[%emt 00:00:13]} Qf3+ {[%emt 00:00:44]} 1/2-1/2

[Event "DEM U12w 2025"]
[Site "Willingen GER"]
[Date "2025.06.11"]
[Round "5"]
[White "Vasilieva, Victoria"]
[Black "Wolf, Aurelia"]
[Result "0-1"]
[Termination "normal"]
[Board "20"]
[WhiteElo "1554"]
[BlackElo "1410"]
[WhiteClock "00:33:26"]
[BlackClock "00:04:42"]
[PlyCount "62"]
[WhiteFideId "533007071"]
[BlackFideId "34671048"]
[EventCountry "GER"]
[EventRounds "9"]
[EventType "swiss"]
[EventDate "2025.06.07"]

1. d4 {[%clk 01:30:57]} {[%emt 00:00:01]} Nf6 {[%clk 01:30:54]} {[%emt
00:00:07]} 2. c4 {[%clk 01:31:17]} {[%emt 00:00:10]} e6 {[%clk 01:31:18]}
{[%emt 00:00:06]} 3. Nf3 {[%clk 01:31:30]} {[%emt 00:00:16]} b6 {[%clk
01:31:42]} {[%emt 00:00:07]} 4. Nc3 {[%clk 01:31:44]} {[%emt 00:00:16]} Bb7
{[%clk 01:30:10]} {[%emt 00:02:02]} 5. Bf4 {[%clk 01:30:12]} {[%emt 00:02:01]}
d5 {[%clk 01:24:05]} {[%emt 00:06:35]} 6. cxd5 {[%clk 01:26:13]} {[%emt
00:04:30]} Nxd5 {[%clk 01:23:53]} {[%emt 00:00:43]} 7. Nxd5 {[%clk 01:26:15]}
{[%emt 00:00:27]} Bxd5 {[%clk 01:22:45]} {[%emt 00:01:38]} 8. e3 {[%clk
01:21:05]} {[%emt 00:05:39]} Bb4+ {[%clk 01:05:22]} {[%emt 00:17:53]} 9. Nd2
{[%clk 01:19:37]} {[%emt 00:01:58]} c5 {[%clk 00:59:40]} {[%emt 00:06:13]} 10.
Bxb8 {[%clk 01:08:59]} {[%emt 00:11:09]} Qxb8 {[%clk 00:58:34]} {[%emt
00:01:36]} 11. Qa4+ {[%clk 01:06:53]} {[%emt 00:02:35]} Ke7 {[%clk 00:58:10]}
{[%emt 00:00:54]} 12. Rd1 {[%clk 01:05:38]} {[%emt 00:01:46]} Qb7 {[%clk
00:44:40]} {[%emt 00:13:59]} 13. Ba6 {[%clk 00:57:19]} {[%emt 00:08:47]} Qc7
{[%clk 00:38:35]} {[%emt 00:06:37]} 14. O-O {[%clk 00:52:08]} {[%emt 00:05:41]}
Ba5 {[%clk 00:34:18]} {[%emt 00:04:47]} 15. Nf3 {[%clk 00:48:28]} {[%emt
00:04:10]} Rab8 {[%clk 00:25:45]} {[%emt 00:09:04]} 16. Be2 {[%clk 00:47:44]}
{[%emt 00:01:11]} c4 {[%clk 00:23:06]} {[%emt 00:03:11]} 17. Rc1 {[%clk
00:44:13]} {[%emt 00:03:55]} b5 {[%clk 00:21:21]} {[%emt 00:02:23]} 18. Qc2
{[%clk 00:42:10]} {[%emt 00:02:30]} Rhc8 {[%clk 00:16:37]} {[%emt 00:05:16]}
19. Qxh7 {[%clk 00:36:39]} {[%emt 00:06:01]} Bxf3 {[%clk 00:08:13]} {[%emt
00:08:55]} 20. Bxf3 {[%clk 00:36:08]} {[%emt 00:01:00]} Rh8 {[%clk 00:08:21]}
{[%emt 00:00:22]} 21. Qxh8 {[%clk 00:32:36]} {[%emt 00:04:01]} Rxh8 {[%clk
00:08:40]} {[%emt 00:00:12]} 22. h3 {[%clk 00:33:03]} {[%emt 00:00:03]} f5
{[%clk 00:08:48]} {[%emt 00:00:22]} 23. Be2 {[%clk 00:33:18]} {[%emt 00:00:14]}
g5 {[%clk 00:09:06]} {[%emt 00:00:15]} 24. b3 {[%clk 00:33:37]} {[%emt
00:00:11]} c3 {[%clk 00:08:17]} {[%emt 00:01:18]} 25. Bxb5 {[%clk 00:33:44]}
{[%emt 00:00:22]} c2 {[%clk 00:06:50]} {[%emt 00:01:57]} 26. Bd3 {[%clk
00:34:02]} {[%emt 00:00:12]} g4 {[%clk 00:06:22]} {[%emt 00:01:00]} 27. Rxc2
{[%clk 00:34:10]} {[%emt 00:00:22]} Qd6 {[%clk 00:05:46]} {[%emt 00:01:05]} 28.
g3 {[%clk 00:33:58]} {[%emt 00:00:42]} Rxh3 {[%clk 00:05:02]} {[%emt 00:01:14]}
29. Rfc1 {[%clk 00:33:58]} {[%emt 00:00:30]} Qd5 {[%clk 00:04:13]} {[%emt
00:01:19]} 30. Kf1 {[%clk 00:33:18]} {[%emt 00:01:08]} Rh1+ {[%clk 00:04:19]}
{[%emt 00:00:26]} 31. Ke2 {[%clk 00:33:26]} {[%emt 00:00:22]} Qf3# {[%clk
00:04:42]} {[%emt 00:00:06]} 0-1